000 01080nam a2200337Ia 4500
003 GCL
008 140319s9999 xx 000 0 ara d
040 _aGCL /
_cGCL
082 0 4 _aم
_b962.003
_bس م
100 1 _aالسيد السيد الحسينى
245 1 0 _aموسوعة مصر الحديثة /
_cالسيد السيد الحسينى
700 1 _aسمير سرحان
700 1 _aعلى الدين هلال
700 1 _aحسن محمد عبد الشافى
700 1 _aسمير غريب
700 1 _aعبدالحليم نورالدين
700 1 _aعبدالرحمن احمد عقل
700 1 _aعبدالمنعم راضى
700 1 _aمصطفى طه حجاج
650 0 4 _aالتعليم
650 0 4 _aالثقافة
650 0 4 _aالجغرافيا
650 0 4 _aدوائر المعارف العربية
650 0 4 _aالمجتمع المصرى
650 0 4 _aالصناعة
650 0 4 _aالاثار
650 0 4 _aالاعلام
650 0 4 _aنظم الحكم
650 0 4 _aمصر - دوائر معارف
942 _2ddc
_cREF
999 _c59699
_d59699